Sistemas modernos en acuicultura : prefabricación y automatización /
Guardado en:
| Autor Principal: | |
|---|---|
| Autor Corporativo: | |
| Formato: | Libro |
| Idioma: | Spanish |
| Publicado: |
Madrid :
INIA,
1978.
|
| Series: | Monografías INIA ;
nº 21, |
| Acceso en línea: | Acceso a la descarga gratuita del libro |
| Etiquetas: |
Agregar Etiqueta
Sin Etiquetas, Sea el primero en etiquetar este registro!
|
| LEADER | 00820nam a22001935a 4500 | ||
|---|---|---|---|
| 001 | EEA.libagro002983 | ||
| 008 | 130809s1978####sp#a##########000#0#spa#d | ||
| 005 | 20211001200214.0 | ||
| 245 | 1 | 0 | |a Sistemas modernos en acuicultura : |b prefabricación y automatización / |c por José Javier García-Badell. |
| 260 | |a Madrid : |b INIA, |c 1978. | ||
| 300 | |a 96 p., [1] h. pleg. de lám. : |b il. ; |c 24 cm. | ||
| 490 | 1 | |a Monografías INIA ; |v nº 21, |x 0210-3354 | |
| 530 | |a Disponible también en línea. | ||
| 020 | |a 8450027667 | ||
| 100 | 1 | |a García-Badell, José Javier. | |
| 710 | 2 | |a Instituto Nacional de Investigaciones Agrarias (España) | |
| 082 | 0 | 4 | |a 639.3 |
| 856 | 4 | 1 | |y Acceso a la descarga gratuita del libro |u http://libros.inia.es/libros/product%5Finfo.php?products%5Fid=382 |
| 859 | |a AR-BbBCA |b BIB. AGRONOMIA |h 639.3 |i G216 |p 1981/0035 | ||
